|
|
|
|
| LEADER |
00846nam a2200205 a 4500 |
| 001 |
GR-MES78 |
| 008 |
991111s1988 xxk 000 b eng d |
| 020 |
|
|
|a 0632015217
|
| 040 |
|
|
|a GrPaTEI
|b gre
|c GR-PaULI
|
| 245 |
0 |
0 |
|a Genetic engineering :
|b An introduction to gene analysis and exploitation in eukaryotes.
|
| 260 |
|
|
|a Oxford :
|b Blackwell,
|c 1988 c1988
|
| 300 |
|
|
|a xiv, 522σελ. :
|b εικ.
|
| 504 |
|
|
|a Βιβλιογραφία : σελ.457-509
|
| 650 |
|
4 |
|a Γεννετική μηχανική
|
| 700 |
1 |
|
|a Kingsman, A. J.
|
| 700 |
1 |
|
|a Kingsman, S. M.
|
| 942 |
|
|
|2 ddc
|
| 952 |
|
|
|0 0
|1 0
|2 ddc
|4 0
|6 574_873000000000000_282_KIN
|7 0
|9 263343
|a MSLG
|b MSLG
|c BSC
|d 2021-01-17
|e 24
|f 0
|g 0.00
|l 0
|o 574.873 282 KIN
|p 2420000000787
|r 2021-01-17 00:00:00
|t 1
|w 2021-01-17
|y BK15
|x 19991111 0 1
|x GrPaTEI
|
| 971 |
|
|
|a .b25711192
|b 15-04-20
|c 13-09-16
|
| 999 |
|
|
|c 151570
|d 151570
|